Guerras de Africa en la antigüedad (Record no. 168040)

MARC details
000 -LEADER
campo de control de longitud fija 01096nam a2200241 i 4500
001 - NÚMERO DE CONTROL
campo de control 168040
003 - IDENTIFICADOR DE NÚMERO DE CONTROL
campo de control ES-MaACL
005 - FECHA Y HORA DE LA ÚLTIMA TRANSACCIÓN
campo de control 20230906213650.0
008 - DATOS DE LONGITUD FIJA--INFORMACIÓN GENERAL
campo de control de longitud fija 950419s1881 sp |||| | spa d
040 ## - FUENTE DE CATALOGACIÓN
Centro catalogador/agencia de origen EUS
Lengua de catalogación spa
Centro/agencia transcriptor EUS
100 1# - ENTRADA PRINCIPAL--NOMBRE DE PERSONA
Nombre de persona Ximénez de Sandoval, Crispín.
9 (RLIN) 133981
245 10 - MENCIÓN DEL TÍTULO
Título Guerras de Africa en la antigüedad
Resto del título : lecciones históricas y de doctrina militar ... /
Mención de responsabilidad, etc. por el Teniente General C. Ximénez de Sandoval ; y publicadas á expensas del Ministerio de la Guerra à instancia del Teniente General Marqués de San Román.
260 ## - PUBLICACIÓN, DISTRIBUCIÓN, ETC.
Lugar de publicación, distribución, etc. Madrid :
Nombre del editor, distribuidor, etc. [s.n.],
Fecha de publicación, distribución, etc. 1881 (
Fabricante Imprenta del Cuerpo Administrativo del Ejército)
300 ## - DESCRIPCIÓN FÍSICA
Extensión 420 p. ;
Dimensiones 23 cm.
530 ## - NOTA DISPONIBLE DE FORMULARIO FÍSICO ADICIONAL
Nota de formato físico adicional disponible Disponible en formato digital.
590 0# - NOTA LOCAL (RLIN)
Nota local Datos tomados de la cub.
597 ## - NOTA DE DESCRIPCIÓN FÍSICA
NOTA DE DESCRIPCIÓN FÍSICA Cub. a dos tintas.
651 #4 - PUNTO DE ACCESO ADICIONAL DE MATERIA--NOMBRE GEOGRÁFICO
Nombre geográfico Magreb-
Subdivisión general Historia-
Subdivisión cronológica Hasta 647.
9 (RLIN) 158883
651 #4 - PUNTO DE ACCESO ADICIONAL DE MATERIA--NOMBRE GEOGRÁFICO
Nombre geográfico Magreb-
Subdivisión general Historia-
Subdivisión cronológica 647-1517.
9 (RLIN) 155943
651 #4 - PUNTO DE ACCESO ADICIONAL DE MATERIA--NOMBRE GEOGRÁFICO
Nombre geográfico Magreb-
Subdivisión general Historia militar.
9 (RLIN) 159938
852 ## - LOCALIZACIÓN
Ubicación ES-MaACL
Número de control de estantería F-815
Nota libre -- Enc. hol.
856 ## - LOCALIZACIÓN Y ACCESO ELECTRÓNICOS
Identificador Uniforme de Recursos <a href="http://bdh-rd.bne.es/viewer.vm?id=0000108696&page=1 ">http://bdh-rd.bne.es/viewer.vm?id=0000108696&page=1 </a>
Nota pública Biblioteca Digital Hispánica
Holdings
Estatus retirado Estado de pérdida Estado de daño No para préstamo Colección Biblioteca de origen Biblioteca actual Ubicación en estantería Fecha de adquisición Fuente de adquisición Total de préstamos Signatura topográfica completa Código de barras Visto por última vez Precio de reemplazo Tipo de ítem Koha
        Colección digital Biblioteca del Ateneo de Madrid Biblioteca del Ateneo de Madrid Depósito 2 17/01/2008     F-815 1176293 23/02/2023 23/02/2023 Libro impreso antiguo